000
00234 a2200109 4500
001
50945
040
_c
Anchieta - Pituba
240
1
0
_a
Gincana 2006
_l
245
1
0
_a
Gincana 2006
650
4
_a
LĂnguas espanhola e portuguesa
942
_c
MX
999
_c
50945
_d
50945